Helen Keller
| Main Author: | |
|---|---|
| Format: | Book |
| Published: |
London :
Franklin Watts ,
1991
|
| Series: | Lifetimes
|
| Subjects: |
MARC
| LEADER | 00000cam a2200000 7i4500 | ||
|---|---|---|---|
| 001 | 0000005466 | ||
| 002 | 000005909 | ||
| 005 | 20060126.0 | ||
| 020 | |a 0863138918 | ||
| 090 | 0 | 0 | |a 920 |b TAM |
| 100 | 1 | |a Tames, Richard | |
| 245 | 1 | 0 | |a Helen Keller |c Richard Tames |
| 260 | |a London : |b Franklin Watts , |c 1991 | ||
| 300 | |a 32p. ; |c 27cm. | ||
| 490 | 0 | |a Lifetimes | |
| 650 | 0 | 0 | |a Keller, Helen |x biographies |
| 999 | |a 027053 |b BUKU |c JUNIOR BOOKS |e PERPUSTAKAAN KOMUNITI PETALING JAYA | ||